<?xml version="1.0" encoding="UTF-8"?>
<record
    xmlns:xsi="http://www.w3.org/2001/XMLSchema-instance"
    xsi:schemaLocation="http://www.loc.gov/MARC21/slim http://www.loc.gov/standards/marcxml/schema/MARC21slim.xsd"
    xmlns="http://www.loc.gov/MARC21/slim">

  <leader>00540nam a22002057a 4500</leader>
  <controlfield tag="003">OSt</controlfield>
  <controlfield tag="005">20220617060327.0</controlfield>
  <controlfield tag="008">220617b        |||||||| |||| 00| 0 eng d</controlfield>
  <datafield tag="020" ind1=" " ind2=" ">
    <subfield code="a">9789393880444</subfield>
  </datafield>
  <datafield tag="040" ind1=" " ind2=" ">
    <subfield code="c">SBCL</subfield>
  </datafield>
  <datafield tag="082" ind1=" " ind2=" ">
    <subfield code="a">336.2</subfield>
    <subfield code="b">SIN-D</subfield>
  </datafield>
  <datafield tag="100" ind1=" " ind2=" ">
    <subfield code="a">Singhania,Vinod K</subfield>
    <subfield code="a">Kapil Singhania</subfield>
  </datafield>
  <datafield tag="245" ind1=" " ind2=" ">
    <subfield code="a">DIRECT TAXES</subfield>
    <subfield code="b">LAW AND PRACTICE</subfield>
  </datafield>
  <datafield tag="250" ind1=" " ind2=" ">
    <subfield code="a">6th</subfield>
  </datafield>
  <datafield tag="260" ind1=" " ind2=" ">
    <subfield code="a">New Delhi</subfield>
    <subfield code="b">Taxmann Publication (P) Ltd.</subfield>
    <subfield code="c">2022</subfield>
  </datafield>
  <datafield tag="300" ind1=" " ind2=" ">
    <subfield code="a">1717P.</subfield>
  </datafield>
  <datafield tag="630" ind1=" " ind2=" ">
    <subfield code="x">MBA</subfield>
  </datafield>
  <datafield tag="650" ind1=" " ind2=" ">
    <subfield code="2"> Social sciences</subfield>
    <subfield code="a"> Economics</subfield>
    <subfield code="v">Public finance</subfield>
  </datafield>
  <datafield tag="942" ind1=" " ind2=" ">
    <subfield code="c">BOOK</subfield>
  </datafield>
  <datafield tag="952" ind1=" " ind2=" ">
    <subfield code="0">0</subfield>
    <subfield code="1">0</subfield>
    <subfield code="2">ddc</subfield>
    <subfield code="4">0</subfield>
    <subfield code="7">0</subfield>
    <subfield code="a">SBCL</subfield>
    <subfield code="b">SBCL</subfield>
    <subfield code="c">4</subfield>
    <subfield code="d">2022-06-17</subfield>
    <subfield code="g">1995.00</subfield>
    <subfield code="l">8</subfield>
    <subfield code="o">336.2 SIN-D</subfield>
    <subfield code="p">00141965</subfield>
    <subfield code="r">2026-03-11 09:35:18</subfield>
    <subfield code="s">2026-02-23</subfield>
    <subfield code="w">2022-06-17</subfield>
    <subfield code="y">BOOK</subfield>
  </datafield>
  <datafield tag="952" ind1=" " ind2=" ">
    <subfield code="0">0</subfield>
    <subfield code="1">0</subfield>
    <subfield code="2">ddc</subfield>
    <subfield code="4">0</subfield>
    <subfield code="7">0</subfield>
    <subfield code="a">SBCL</subfield>
    <subfield code="b">SBCL</subfield>
    <subfield code="c">4</subfield>
    <subfield code="d">2022-06-17</subfield>
    <subfield code="g">1995.00</subfield>
    <subfield code="l">2</subfield>
    <subfield code="o">336.2 SIN-D</subfield>
    <subfield code="p">00141963</subfield>
    <subfield code="r">2022-08-16 00:00:00</subfield>
    <subfield code="s">2022-07-18</subfield>
    <subfield code="w">2022-06-17</subfield>
    <subfield code="y">BOOK</subfield>
  </datafield>
  <datafield tag="952" ind1=" " ind2=" ">
    <subfield code="0">0</subfield>
    <subfield code="1">0</subfield>
    <subfield code="2">ddc</subfield>
    <subfield code="4">0</subfield>
    <subfield code="7">0</subfield>
    <subfield code="a">SBCL</subfield>
    <subfield code="b">SBCL</subfield>
    <subfield code="c">4</subfield>
    <subfield code="d">2022-06-17</subfield>
    <subfield code="g">1995.00</subfield>
    <subfield code="l">3</subfield>
    <subfield code="o">336.2 SIN-D</subfield>
    <subfield code="p">00141962</subfield>
    <subfield code="r">2026-03-11 09:37:03</subfield>
    <subfield code="s">2026-02-23</subfield>
    <subfield code="w">2022-06-17</subfield>
    <subfield code="y">BOOK</subfield>
  </datafield>
  <datafield tag="952" ind1=" " ind2=" ">
    <subfield code="0">0</subfield>
    <subfield code="1">0</subfield>
    <subfield code="2">ddc</subfield>
    <subfield code="4">0</subfield>
    <subfield code="7">0</subfield>
    <subfield code="a">SBCL</subfield>
    <subfield code="b">SBCL</subfield>
    <subfield code="c">4</subfield>
    <subfield code="d">2022-06-17</subfield>
    <subfield code="g">1995.00</subfield>
    <subfield code="l">2</subfield>
    <subfield code="o">336.2 SIN-D</subfield>
    <subfield code="p">00141964</subfield>
    <subfield code="r">2026-03-11 10:01:53</subfield>
    <subfield code="s">2026-02-23</subfield>
    <subfield code="w">2022-06-17</subfield>
    <subfield code="y">BOOK</subfield>
  </datafield>
  <datafield tag="999" ind1=" " ind2=" ">
    <subfield code="c">134379</subfield>
    <subfield code="d">134379</subfield>
  </datafield>
</record>
